Moroccan Colonies Nowadays - Statistics

General Stats
  • This quiz has been taken 15 times
  • The average score is 15 of 16
Answer Stats
% Answer % Correct
50 Algeria
100%
01 France
100%
100 Gambia
100%
<1 Italy
100%
50 Mali
100%
100 Portugal
100%
80 Senegal
100%
100 Spain
100%
100 Tunisia
100%
<5 Egypt
92%
40 Libya
92%
100 Mauritania
92%
100 Morocco
83%
100 Andorra
75%
<1 Greece
67%
1.84 United Kingdom(Gibraltar)
67%
No matching quizzes found
Score Distribution
Percent of People with Each Score
Percentile by Number Answered
Your Score History
You have not taken this quiz